[Event "Internationaal Jeugdtoernooi Limburg 2"]
[Site "Stein"]
[Date "1996.07.12"]
[Round "3"]
[White "Van der Erf, Remco"]
[Black "Lemmers, Ruud"]
[Result "1/2-1/2"]
[WhiteElo "2149"]
[BlackElo "1915"]
[PlyCount "59"]
[EventDate "1996.07.11"]
[EventType "swiss"]
[EventRounds "7"]
[EventCountry "NED"]
[Source "P.Boonen"]
[SourceDate "2010.01.01"]

1. d4 Nf6 2. Nf3 g6 3. c4 c5 4. d5 b5 5. Nbd2 bxc4 6. e4 d6 7. Bxc4 Nbd7 8. b3
Bg7 9. Bb2 Nb6 10. Qe2 O-O 11. Rb1 a5 12. a4 Nxc4 13. Nxc4 Nxe4 14. Bxg7 Kxg7
15. Qxe4 Bf5 16. Qe2 Bxb1 17. Qb2+ Kg8 18. Qxb1 e6 19. Qd3 e5 20. h4 e4 21.
Qxe4 Re8 22. Nce5 dxe5 23. Ng5 h6 24. Ne6 Qe7 25. Rh3 Rab8 26. Rg3 Qf6 27. Rf3
Qh8 28. Rg3 Qf6 29. Rf3 Qh8 30. Rg3 1/2-1/2

[Event "Internationaal Jeugdtoernooi Limburg 2"]
[Site "Stein"]
[Date "1996.07.12"]
[Round "3"]
[White "Van der Zwet, Bart"]
[Black "Solakian, Jerome"]
[Result "1/2-1/2"]
[WhiteElo "1848"]
[BlackElo "2215"]
[PlyCount "86"]
[EventDate "1996.07.11"]
[EventType "swiss"]
[EventRounds "7"]
[EventCountry "NED"]
[Source "P.Boonen"]
[SourceDate "2010.01.01"]

1. e4 e6 2. d4 d5 3. exd5 exd5 4. Nf3 Nc6 5. c3 Bd6 6. Bd3 Nge7 7. Be3 Bg4 8.
Nbd2 Qd7 9. Qc2 h6 10. h3 Be6 11. O-O-O O-O-O 12. Nb3 Bf5 13. Ne1 Rhe8 14. Qd2
Ng6 15. g4 Be4 16. Bxe4 Rxe4 17. Nd3 b6 18. f3 Re7 19. Rde1 Rde8 20. Kb1 Bg3
21. Bf2 Qd6 22. Rxe7 Rxe7 23. Re1 Bxf2 24. Qxf2 Rxe1+ 25. Qxe1 Nd8 26. Qe8 Nf4
27. Qe3 Nxd3 28. Qxd3 g6 29. Qe3 Qg3 30. Qxh6 Qxf3 31. Kc2 Qe4+ 32. Kc1 Qe1+
33. Kc2 Qe4+ 34. Kc1 Ne6 35. Nd2 Qh1+ 36. Kc2 g5 37. Qh8+ Kb7 38. Qe5 Qg2 39.
Qf5 Qxh3 40. Qxd5+ Kb8 41. Qf3 Qh7+ 42. Qd3 Qh2 43. Qf5 Qg2 1/2-1/2

[Event "Internationaal Jeugdtoernooi Limburg 2"]
[Site "Stein"]
[Date "1996.07.12"]
[Round "3"]
[White "Vrancken, Gilbert"]
[Black "Frenken, Marcel"]
[Result "1/2-1/2"]
[WhiteElo "1858"]
[BlackElo "1997"]
[PlyCount "105"]
[EventDate "1996.07.11"]
[EventType "swiss"]
[EventRounds "7"]
[EventCountry "NED"]
[Source "P.Boonen"]
[SourceDate "2010.01.01"]

1. d4 e6 2. Nf3 d5 3. Bg5 Nf6 4. e3 c6 5. Nbd2 Nbd7 6. Bd3 Be7 7. c3 Qc7 8. O-O
h6 9. Bf4 Bd6 10. Bxd6 Qxd6 11. e4 dxe4 12. Nxe4 Nxe4 13. Bxe4 O-O 14. Re1 b6
15. Ne5 Bb7 16. Qf3 Nxe5 17. dxe5 Qc7 18. Bc2 c5 19. Qd3 g6 20. Qh3 Kg7 21. Re3
Rad8 22. Qh4 f5 23. exf6+ Rxf6 24. Rae1 Qc6 25. Rg3 Qd6 26. Bd3 Re8 27. Rh3 g5
28. Qg4 Qf4 29. Qxf4 Rxf4 30. Rhe3 Rf6 31. Re5 Rd8 32. Bc4 Bc8 33. h3 Rd6 34.
a4 Kf7 35. a5 Rd2 36. axb6 axb6 37. R5e2 Rxe2 38. Bxe2 Ke7 39. Ra1 Kd6 40. Bf3
Rf7 41. Ra8 Bd7 42. Ra6 Kc7 43. c4 Rf4 44. b3 Bc6 45. Bxc6 Kxc6 46. Ra7 Rf6 47.
f3 e5 48. Kh2 Re6 49. Ra1 Kd6 50. Rd1+ Ke7 51. Ra1 Kf6 52. Ra6 Kf5 53. Ra8
1/2-1/2

[Event "Internationaal Jeugdtoernooi Limburg 2"]
[Site "Stein"]
[Date "1996.07.12"]
[Round "4"]
[White "Abeln, Michiel"]
[Black "Roobol, Martin"]
[Result "1/2-1/2"]
[WhiteElo "2120"]
[BlackElo "2305"]
[PlyCount "82"]
[EventDate "1996.07.11"]
[EventType "swiss"]
[EventRounds "7"]
[EventCountry "NED"]
[Source "P.Boonen"]
[SourceDate "2010.01.01"]

1. e4 c5 2. Nc3 Nc6 3. g3 g6 4. Bg2 Bg7 5. d3 d6 6. Be3 Rb8 7. Qd2 b5 8. Nge2
b4 9. Nd1 e6 10. O-O Nd4 11. Nf4 Qa5 12. f3 Ne7 13. Nf2 Ndc6 14. Rfb1 O-O 15.
Ne2 Nd4 16. Nc1 Qb6 17. c3 Ndc6 18. Qc2 a5 19. Ne2 Ba6 20. Qd1 Qa7 21. f4 Rfd8
22. a3 bxc3 23. bxc3 Rxb1 24. Rxb1 Rb8 25. g4 Rb6 26. g5 h5 27. gxh6 Bxh6 28.
Ng4 Bg7 29. Qc2 Qb8 30. Rxb6 Qxb6 31. Nc1 f5 32. Nf2 Nd8 33. Kh1 Nf7 34. Nh3
Bb7 35. Ng1 Bc6 36. Nge2 Qb7 37. Ng3 Qb6 38. h3 a4 39. Kh2 Qa5 40. Nge2 e5 41.
Qa2 Kf8 1/2-1/2

[Event "Internationaal Jeugdtoernooi Limburg 2"]
[Site "Stein"]
[Date "1996.07.12"]
[Round "4"]
[White "Balcerak, Magdalena"]
[Black "Van der Erf, Remco"]
[Result "0-1"]
[WhiteElo "1680"]
[BlackElo "2149"]
[PlyCount "64"]
[EventDate "1996.07.11"]
[EventType "swiss"]
[EventRounds "7"]
[EventCountry "NED"]
[Source "P.Boonen"]
[SourceDate "2010.01.01"]

1. e4 c5 2. Nf3 d6 3. d4 cxd4 4. Nxd4 Nf6 5. Nc3 a6 6. Bc4 e6 7. Bb3 Nbd7 8.
O-O Nc5 9. Qf3 Be7 10. Re1 O-O 11. Be3 Qc7 12. Rad1 b5 13. a3 Bb7 14. Qg3 Bxe4
15. Bg5 Bg6 16. Qf3 d5 17. Bf4 Qb7 18. Nde2 Rfd8 19. Be5 Rac8 20. Nf4 Be4 21.
Nxe4 Ncxe4 22. Bxf6 Bxf6 23. c3 Be7 24. Bc2 Bc5 25. Bxe4 dxe4 26. Qg3 Qc7 27.
Nh5 Qxg3 28. Nxg3 f5 29. Ne2 e5 30. Kf1 Kf7 31. h3 Kf6 32. g3 Rd3 0-1

[Event "Internationaal Jeugdtoernooi Limburg 2"]
[Site "Stein"]
[Date "1996.07.12"]
[Round "4"]
[White "Buch, Thomas"]
[Black "Schilperoort, Jeroen"]
[Result "1-0"]
[WhiteElo "2015"]
[BlackElo "1596"]
[PlyCount "73"]
[EventDate "1996.07.11"]
[EventType "swiss"]
[EventRounds "7"]
[EventCountry "NED"]
[Source "P.Boonen"]
[SourceDate "2010.01.01"]

1. e4 e5 2. Nc3 Bc5 3. Bc4 Nc6 4. Qg4 g6 5. Qg3 d6 6. Nf3 f5 7. exf5 Bxf5 8.
O-O Nb4 9. Nxe5 d5 10. Nxg6 Bxg6 11. Qe5+ Kf8 12. Bxd5 Qf6 13. Qxc7 Bb6 14.
Qxb7 Re8 15. Be4 Re7 16. Qa8+ Re8 17. Qb7 Re7 18. Qc8+ Re8 19. Qc4 Nxc2 20.
Bxc2 Bxc2 21. Nd5 Qf5 22. Ne3 Bd3 23. Qb4+ Bc5 24. Qc3 Qd7 25. Qxc5+ Ne7 26.
Re1 Rg8 27. Qe5 Nd5 28. Qd4 Be4 29. Nxd5 Bxg2 30. Qf6+ Qf7 31. Qh6+ Rg7 32.
Qd6+ Re7 33. Qxe7+ Qxe7 34. Rxe7 Rg4 35. Re8+ Kf7 36. Re7+ Kf8 37. Ne3 1-0

[Event "Internationaal Jeugdtoernooi Limburg 2"]
[Site "Stein"]
[Date "1996.07.12"]
[Round "4"]
[White "Frenken, Marcel"]
[Black "Kozlowski, Thierry"]
[Result "1-0"]
[WhiteElo "1997"]
[BlackElo "2145"]
[PlyCount "99"]
[EventDate "1996.07.11"]
[EventType "swiss"]
[EventRounds "7"]
[EventCountry "NED"]
[Source "P.Boonen"]
[SourceDate "2010.01.01"]

1. e4 c5 2. Nf3 Nc6 3. c3 Nf6 4. d3 e5 5. g3 g6 6. Bg2 Bg7 7. O-O O-O 8. Re1 d5
9. Qe2 h6 10. Nbd2 d4 11. Nc4 Ne8 12. cxd4 cxd4 13. a4 Nd6 14. b3 Nxc4 15. bxc4
Re8 16. Rb1 Bf8 17. Bd2 b6 18. Rb2 a5 19. Reb1 Nb4 20. Ne1 Bd7 21. Qd1 Kh7 22.
Qb3 Qf6 23. Nc2 Bxa4 24. Qxa4 Nxd3 25. Be1 Nxb2 26. Rxb2 Bc5 27. Bd2 g5 28. Ne1
g4 29. Nd3 Qd6 30. Rb5 Rec8 31. h3 h5 32. hxg4 hxg4 33. Qd1 Qe6 34. Bf1 Rc6 35.
Be2 Rg8 36. Nxc5 bxc5 37. Rxa5 f5 38. Ra7+ Kh8 39. Kg2 f4 40. Qh1+ Qh6 41.
Qxh6+ Rxh6 42. gxf4 exf4 43. Bxf4 Re6 44. Kg3 Rg7 45. Rxg7 Kxg7 46. e5 Ra6 47.
Bxg4 d3 48. e6 Kf6 49. Kh4 Ra7 50. Bg5+ 1-0

[Event "Internationaal Jeugdtoernooi Limburg 2"]
[Site "Stein"]
[Date "1996.07.12"]
[Round "4"]
[White "Heinen, Igor"]
[Black "Schreiber, Christophe"]
[Result "0-1"]
[WhiteElo "1795"]
[BlackElo "1950"]
[PlyCount "72"]
[EventDate "1996.07.11"]
[EventType "swiss"]
[EventRounds "7"]
[EventCountry "NED"]
[Source "P.Boonen"]
[SourceDate "2010.01.01"]

1. d4 e6 2. c4 f5 3. Nf3 Nf6 4. Bg5 Be7 5. Nc3 d5 6. e3 O-O 7. Bd3 c6 8. Qc2
Ne4 9. Bxe7 Qxe7 10. O-O-O Nd7 11. h4 b6 12. h5 Bb7 13. Nh4 Nd6 14. Ne2 c5 15.
Nf4 cxd4 16. h6 dxc4 17. Nhg6 Qf6 18. Nxf8 Rxf8 19. Bxc4 Nxc4 20. Rxd4 Nce5 21.
Qa4 Nc5 22. Qd1 g6 23. Rd6 Nc4 24. Rd4 b5 25. Nd3 e5 26. Nxc5 exd4 27. Nd7 Qc6
28. Qxd4 Ne5+ 29. Nc5 Rc8 30. b4 Qd5 31. Kb1 Bc6 32. Qc3 Rc7 33. f4 Nc4 34. Kc2
Qxg2+ 35. Kb3 Qxh1 36. Qf6 Qb1+ 0-1

[Event "Internationaal Jeugdtoernooi Limburg 2"]
[Site "Stein"]
[Date "1996.07.12"]
[Round "4"]
[White "Kerstens, Dennis"]
[Black "Kipper, Jens"]
[Result "1-0"]
[WhiteElo "2125"]
[BlackElo "2145"]
[PlyCount "61"]
[EventDate "1996.07.11"]
[EventType "swiss"]
[EventRounds "7"]
[EventCountry "NED"]
[Source "P.Boonen"]
[SourceDate "2010.01.01"]

1. e4 e6 2. d4 d5 3. Nd2 Nf6 4. Bd3 c5 5. e5 Nfd7 6. c3 Nc6 7. Ne2 cxd4 8. cxd4
f6 9. exf6 Nxf6 10. O-O Bd6 11. Nf3 Qc7 12. g3 O-O 13. Nf4 Bd7 14. Be3 Rae8 15.
Rc1 Qb8 16. Bb1 Kh8 17. Ng5 e5 18. dxe5 Rxe5 19. Nxh7 Nxh7 20. Ng6+ Kg8 21.
Nxe5 Nxe5 22. Qxd5+ Nf7 23. Bd4 Nhg5 24. f4 Be6 25. Qb5 Nh3+ 26. Kg2 Nh6 27. f5
a6 28. Qe2 Nf4+ 29. Rxf4 Bxf4 30. Qxe6+ Kh8 31. f6 1-0

[Event "Internationaal Jeugdtoernooi Limburg 2"]
[Site "Stein"]
[Date "1996.07.12"]
[Round "4"]
[White "Kuipers, Eelco"]
[Black "Balcerak, Jakob"]
[Result "0-1"]
[WhiteElo "2253"]
[BlackElo "2175"]
[PlyCount "42"]
[EventDate "1996.07.11"]
[EventType "swiss"]
[EventRounds "7"]
[EventCountry "NED"]
[Source "P.Boonen"]
[SourceDate "2010.01.01"]

1. e4 c5 2. Nf3 d6 3. d4 cxd4 4. Nxd4 Nf6 5. Nc3 a6 6. Bg5 e6 7. Qf3 Be7 8.
O-O-O Qc7 9. Qg3 Nbd7 10. Be2 Nc5 11. f3 Bd7 12. h4 b5 13. Bd3 b4 14. Nce2 Rc8
15. Bxf6 Bxf6 16. f4 e5 17. fxe5 dxe5 18. Nb3 Nxd3+ 19. Qxd3 Bb5 20. Qd2 O-O
21. Na1 Qc4 0-1

[Event "Internationaal Jeugdtoernooi Limburg 2"]
[Site "Stein"]
[Date "1996.07.12"]
[Round "4"]
[White "Lemmers, Ruud"]
[Black "Van der Zwet, Bart"]
[Result "1-0"]
[WhiteElo "1915"]
[BlackElo "1848"]
[PlyCount "59"]
[EventDate "1996.07.11"]
[EventType "swiss"]
[EventRounds "7"]
[EventCountry "NED"]
[Source "P.Boonen"]
[SourceDate "2010.01.01"]

1. e4 c5 2. Nc3 Nc6 3. f4 d6 4. Bc4 e6 5. d3 a6 6. a4 Bd7 7. Nf3 g6 8. O-O Bg7
9. f5 Ne5 10. Bf4 Nxc4 11. dxc4 Bxc3 12. bxc3 e5 13. Qxd6 Qe7 14. Bxe5 f6 15.
Qxe7+ Kxe7 16. fxg6 hxg6 17. Bg3 Bc6 18. Nd2 Nh6 19. Nb3 Ng4 20. Rfe1 Rh5 21.
h3 Ne5 22. Na5 Rc8 23. Rab1 Bxa4 24. Rxb7+ Nd7 25. Nb3 Ke6 26. Rd1 Ne5 27. Rb6+
Ke7 28. Rxa6 Bd7 29. Ra7 Ke8 30. Bxe5 1-0

[Event "Internationaal Jeugdtoernooi Limburg 2"]
[Site "Stein"]
[Date "1996.07.12"]
[Round "4"]
[White "Mellegers, Joost"]
[Black "Paulus, Sami"]
[Result "1-0"]
[WhiteElo "2088"]
[BlackElo "1950"]
[PlyCount "42"]
[EventDate "1996.07.11"]
[EventType "swiss"]
[EventRounds "7"]
[EventCountry "NED"]
[Source "P.Boonen"]
[SourceDate "2010.01.01"]

1. e4 c5 2. Nc3 d6 3. f4 Nc6 4. Nf3 g6 5. Bc4 Bg7 6. O-O e6 7. d3 Nge7 8. Qe1
O-O 9. f5 exf5 10. Qh4 Be6 11. Bxe6 fxe6 12. Ng5 h6 13. Nxe6 g5 14. Bxg5 hxg5
15. Qxg5 Rf7 16. Nxd8 Rxd8 17. exf5 Rdf8 18. g4 Rf6 19. Ne4 R6f7 20. Nxd6 Rf6
21. Ne4 Rg6 1-0

[Event "Internationaal Jeugdtoernooi Limburg 2"]
[Site "Stein"]
[Date "1996.07.12"]
[Round "4"]
[White "Peek, Maurice"]
[Black "Middelburg, Tom"]
[Result "1-0"]
[WhiteElo "2189"]
[BlackElo "2024"]
[PlyCount "55"]
[EventDate "1996.07.11"]
[EventType "swiss"]
[EventRounds "7"]
[EventCountry "NED"]
[Source "P.Boonen"]
[SourceDate "2010.01.01"]

1. Nf3 c5 2. c4 Nf6 3. d4 cxd4 4. Nxd4 e5 5. Nb5 d5 6. cxd5 Bc5 7. N5c3 O-O 8.
e3 e4 9. Be2 Bf5 10. O-O Qe7 11. Nd2 Rd8 12. Nb3 Bd6 13. Nb5 Nxd5 14. N3d4 Qg5
15. Nxf5 Qxf5 16. Nxd6 Rxd6 17. b4 Nc6 18. a3 Rad8 19. Qb3 Rg6 20. Kh1 Ne5 21.
Bb2 Ng4 22. Kg1 Rdd6 23. h3 Ne5 24. Bxe5 Qxe5 25. Rac1 Qe6 26. Kh1 Rd8 27. Rfd1
Qe5 28. Rxd5 1-0

[Event "Internationaal Jeugdtoernooi Limburg 2"]
[Site "Stein"]
[Date "1996.07.12"]
[Round "4"]
[White "Solakian, Jerome"]
[Black "Snoeck, Rene"]
[Result "1-0"]
[WhiteElo "2215"]
[BlackElo "1553"]
[PlyCount "39"]
[EventDate "1996.07.11"]
[EventType "swiss"]
[EventRounds "7"]
[EventCountry "NED"]
[Source "P.Boonen"]
[SourceDate "2010.01.01"]

1. Nc3 d5 2. e4 c6 3. Nf3 dxe4 4. Nxe4 Nf6 5. Nxf6+ exf6 6. Bc4 Bc5 7. d4 Bb6
8. O-O O-O 9. Bf4 Bg4 10. c3 Bc7 11. Bxc7 Qxc7 12. Re1 Nd7 13. Re3 Nb6 14. Bb3
Rae8 15. Qe2 Qd7 16. Re1 Bxf3 17. Qxf3 Rxe3 18. Qxe3 g6 19. Qe7 Rd8 20. Bxf7+
1-0

[Event "Internationaal Jeugdtoernooi Limburg 2"]
[Site "Stein"]
[Date "1996.07.12"]
[Round "4"]
[White "Spaapen, Robbert"]
[Black "Van Gemen, Felix"]
[Result "1-0"]
[WhiteElo "1658"]
[BlackElo "1658"]
[PlyCount "139"]
[EventDate "1996.07.11"]
[EventType "swiss"]
[EventRounds "7"]
[EventCountry "NED"]
[Source "P.Boonen"]
[SourceDate "2010.01.01"]

1. e4 e6 2. d4 d5 3. exd5 exd5 4. Nf3 Bd6 5. c4 Qe7+ 6. Qe2 dxc4 7. Qxe7+ Nxe7
8. Bxc4 O-O 9. O-O Nbc6 10. b3 Bg4 11. Bb2 Bxf3 12. gxf3 Nf5 13. d5 Ncd4 14.
Bd3 Nxf3+ 15. Kh1 N5h4 16. h3 f6 17. Na3 Ng5 18. Nc4 Bf4 19. Ba3 Rfd8 20. Na5
b6 21. Nc6 Re8 22. Bc4 Kh8 23. Rae1 Nxh3 24. Rxe8+ Rxe8 25. Nd4 Ng5 26. Ne6
Nxe6 27. dxe6 Nf5 28. Rd1 Bd6 29. Bb2 Rd8 30. Bb5 Be7 31. Rc1 c5 32. Bd7 Nh4
33. a3 Ng6 34. b4 Nf8 35. Bb5 Nxe6 36. Re1 Nc7 37. Bc4 Bf8 38. f4 cxb4 39. axb4
Bxb4 40. Ra1 a5 41. Rc1 Rd2 42. Ba1 Bc5 43. Bc3 Rf2 44. Rd1 h5 45. Rd8+ Kh7 46.
Bd3+ g6 47. Rd7+ Kh6 48. Rxc7 Bd6 49. Rc6 Be7 50. Bxf6 Bxf6 51. Rxf6 Kg7 52.
Rxg6+ Kf7 53. f5 b5 54. Ra6 a4 55. Ra5 Rb2 56. Bxb5 Kf6 57. Bxa4 Ra2 58. Ra8
Ra3 59. Ra6+ Ke7 60. f6+ Kf8 61. f7 Rf3 62. Be8 h4 63. Rh6 Rf4 64. Kh2 Kg7 65.
Rh5 Kf8 66. Kh3 Rf1 67. Rxh4 Rh1+ 68. Kg3 Rg1+ 69. Kf2 Rf1+ 70. Kxf1 1-0

[Event "Internationaal Jeugdtoernooi Limburg 2"]
[Site "Stein"]
[Date "1996.07.12"]
[Round "4"]
[White "Utama, Ivan"]
[Black "Chamaillard, Sylvain"]
[Result "1/2-1/2"]
[WhiteElo "1934"]
[BlackElo "2100"]
[PlyCount "39"]
[EventDate "1996.07.11"]
[EventType "swiss"]
[EventRounds "7"]
[EventCountry "NED"]
[Source "P.Boonen"]
[SourceDate "2010.01.01"]

1. e4 c5 2. Ne2 e6 3. Nbc3 Nc6 4. g3 d5 5. exd5 exd5 6. Bg2 Nf6 7. d4 Be6 8.
O-O Rc8 9. Bg5 cxd4 10. Nxd4 Nxd4 11. Qxd4 Be7 12. Qxa7 O-O 13. Qd4 Rc4 14. Qd2
d4 15. Bxf6 Bxf6 16. Ne4 Be7 17. Qd1 Qd7 18. c3 dxc3 19. Nxc3 Bf6 20. Nd5
1/2-1/2

[Event "Internationaal Jeugdtoernooi Limburg 2"]
[Site "Stein"]
[Date "1996.07.12"]
[Round "4"]
[White "Van Elmpt, Wouter"]
[Black "Vrancken, Gilbert"]
[Result "0-1"]
[WhiteElo "1527"]
[BlackElo "1858"]
[PlyCount "86"]
[EventDate "1996.07.11"]
[EventType "swiss"]
[EventRounds "7"]
[EventCountry "NED"]
[Source "P.Boonen"]
[SourceDate "2010.01.01"]

1. e4 d6 2. d4 Nf6 3. Nc3 g6 4. g3 Bg7 5. Bg2 c6 6. Nge2 O-O 7. O-O a5 8. a4
Na6 9. Be3 Ng4 10. Qd2 Nxe3 11. Qxe3 Qb6 12. b3 Nb4 13. Rac1 e5 14. d5 Qxe3 15.
fxe3 Bh6 16. Nd1 cxd5 17. exd5 Bf5 18. c3 Nd3 19. Ra1 Nc5 20. Ra2 Nxb3 21. Rb2
Nc5 22. h3 Bd7 23. Rb6 Bxa4 24. Rxd6 Bxd1 25. Rxd1 Bxe3+ 26. Kh2 a4 27. Nc1
Bxc1 28. Rxc1 a3 29. Ra1 a2 30. Rb6 Ra3 31. d6 Nb3 32. Rxb3 Rxb3 33. Rxa2 Rd8
34. Rd2 Rb6 35. d7 Kf8 36. h4 Ke7 37. Bh3 f5 38. Rd5 Rxd7 39. Rxe5+ Re6 40. Rb5
Re2+ 41. Kg1 Rd1+ 42. Bf1 Ree1 43. Rxb7+ Kd6 0-1

[Event "Internationaal Jeugdtoernooi Limburg 2"]
[Site "Stein"]
[Date "1996.07.12"]
[Round "4"]
[White "Van Gils, Philip"]
[Black "Holtackers, Daan"]
[Result "1-0"]
[WhiteElo "1638"]
[BlackElo "1787"]
[PlyCount "55"]
[EventDate "1996.07.11"]
[EventType "swiss"]
[EventRounds "7"]
[EventCountry "NED"]
[Source "P.Boonen"]
[SourceDate "2010.01.01"]

1. e4 c5 2. Nc3 e6 3. g3 d5 4. exd5 exd5 5. Bg2 Nf6 6. Nge2 d4 7. Ne4 Nxe4 8.
Bxe4 Bd6 9. O-O O-O 10. c3 Re8 11. Qc2 dxc3 12. dxc3 g6 13. Be3 Qe7 14. Bg2 Bf5
15. Qd2 Nc6 16. Nf4 Bxf4 17. Bxf4 Rad8 18. Qe3 Qf8 19. Qc1 Be4 20. Bh6 Qd6 21.
Bxe4 Rxe4 22. Rd1 Qxd1+ 23. Qxd1 Rxd1+ 24. Rxd1 Re2 25. Rd7 Rxb2 26. Rc7 f5 27.
Rg7+ Kh8 28. Rf7 1-0

[Event "Internationaal Jeugdtoernooi Limburg 2"]
[Site "Stein"]
[Date "1996.07.12"]
[Round "4"]
[White "Van Haastert, Edwin"]
[Black "Aubel, Jochem"]
[Result "1/2-1/2"]
[WhiteElo "2280"]
[BlackElo "2173"]
[PlyCount "98"]
[EventDate "1996.07.11"]
[EventType "swiss"]
[EventRounds "7"]
[EventCountry "NED"]
[Source "P.Boonen"]
[SourceDate "2010.01.01"]

1. e4 e5 2. Nf3 Nc6 3. Nc3 Nf6 4. d4 exd4 5. Nd5 Be7 6. Bf4 d6 7. Nxd4 Nxd5 8.
exd5 Nxd4 9. Qxd4 Bf6 10. Qe3+ Qe7 11. Qxe7+ Kxe7 12. O-O-O Bd7 13. Re1+ Kf8
14. Bd3 Re8 15. f3 h5 16. Be4 Be5 17. Be3 f5 18. Bd3 Kf7 19. f4 Bf6 20. Kd2 a5
21. c4 b6 22. b3 Ra8 23. Rb1 Rhe8 24. Rhc1 g6 25. Rc2 Red8 26. a3 Bg7 27. Ke2
Re8 28. Kf2 Bf6 29. Kf3 Bg7 30. Bf2 Bf6 31. Re2 Rxe2 32. Kxe2 Re8+ 33. Kd2 Ra8
34. Bc2 Bg7 35. Kd3 Bf6 36. Be3 Bg7 37. Kd2 Bf6 38. Bd3 Bg7 39. Kc2 Bf6 40. Re1
Bh4 41. Re2 Bf6 42. Bf2 Bg7 43. Kb1 Bf6 44. Kc1 Bg7 45. Ra2 Bf6 46. Kd2 Bg7 47.
Bb1 Bf6 48. b4 Ba4 49. Bc2 Bxc2 1/2-1/2

[Event "Internationaal Jeugdtoernooi Limburg 2"]
[Site "Stein"]
[Date "1996.07.12"]
[Round "4"]
[White "Van Wissen, Michiel"]
[Black "Dambacher, Martijn"]
[Result "0-1"]
[WhiteElo "2138"]
[BlackElo "2196"]
[PlyCount "68"]
[EventDate "1996.07.11"]
[EventType "swiss"]
[EventRounds "7"]
[EventCountry "NED"]
[Source "P.Boonen"]
[SourceDate "2010.01.01"]

1. d4 Nf6 2. c4 e6 3. Nc3 d5 4. Nf3 c5 5. cxd5 exd5 6. g3 Nc6 7. Bg2 Be7 8. O-O
O-O 9. Bg5 h6 10. Bf4 Be6 11. Rc1 Rc8 12. dxc5 Bxc5 13. Qd2 d4 14. Na4 Bb4 15.
Qd3 Qa5 16. b3 Rfd8 17. Bd2 Bf5 18. Bxb4 Nxb4 19. Qd2 Ne4 20. Qb2 b5 21. a3
bxa4 22. Rxc8 Bxc8 23. axb4 Qxb4 24. Ne5 Bb7 25. Nd3 Qxb3 26. Qxb3 axb3 27. Rb1
Nc3 28. Rxb3 Ba6 29. Bf3 Bxd3 30. exd3 a5 31. Kf1 a4 32. Ra3 Rb8 33. Bc6 Rb3
34. Ra1 a3 0-1

[Event "Internationaal Jeugdtoernooi Limburg 2"]
[Site "Stein"]
[Date "1996.07.13"]
[Round "5"]
[White "Aubel, Jochem"]
[Black "Abeln, Michiel"]
[Result "1/2-1/2"]
[WhiteElo "2173"]
[BlackElo "2120"]
[PlyCount "68"]
[EventDate "1996.07.11"]
[EventType "swiss"]
[EventRounds "7"]
[EventCountry "NED"]
[Source "P.Boonen"]
[SourceDate "2010.01.01"]

1. d4 Nf6 2. c4 e6 3. Nc3 Bb4 4. e3 c5 5. Bd3 Nc6 6. Nf3 O-O 7. O-O Bxc3 8.
bxc3 d6 9. e4 e5 10. d5 Ne7 11. Nh4 Ng6 12. Nf5 Re8 13. Ne3 Bd7 14. g3 Rb8 15.
h4 h6 16. f3 Nh5 17. Qe1 a6 18. Be2 Nf6 19. Nf5 Qc7 20. a4 b5 21. axb5 axb5 22.
Ra6 Bxf5 23. exf5 Ne7 24. g4 bxc4 25. g5 hxg5 26. hxg5 Nfxd5 27. Bxc4 Nb6 28.
Bd3 c4 29. Bc2 Qc8 30. Ra7 Nbd5 31. Ra5 Rb3 32. f6 Rxc3 33. fxe7 Rxc2 34. Rxd5
Qh3 1/2-1/2

[Event "Internationaal Jeugdtoernooi Limburg 2"]
[Site "Stein"]
[Date "1996.07.13"]
[Round "5"]
[White "Buch, Thomas"]
[Black "Kuipers, Eelco"]
[Result "0-1"]
[WhiteElo "2015"]
[BlackElo "2253"]
[PlyCount "86"]
[EventDate "1996.07.11"]
[EventType "swiss"]
[EventRounds "7"]
[EventCountry "NED"]
[Source "P.Boonen"]
[SourceDate "2010.01.01"]

1. e4 c5 2. d3 Nc6 3. Nc3 e6 4. g3 d5 5. exd5 exd5 6. Bg2 Be6 7. Nge2 Be7 8.
O-O Nf6 9. d4 cxd4 10. Nxd4 Bg4 11. f3 Bd7 12. Kh1 O-O 13. g4 Nxd4 14. Qxd4 Be6
15. Bf4 Qa5 16. a3 Rac8 17. Be5 Rfd8 18. Rad1 Nd7 19. b4 Qxa3 20. Nxd5 Bxd5 21.
Qxd5 Nxe5 22. Qxe5 Rxd1 23. Rxd1 Qxb4 24. Re1 Bf8 25. Qe2 Rxc2 26. Qe5 Qd2 27.
Bf1 Qf2 28. Qg3 Qxg3 29. hxg3 a5 30. Rb1 Bb4 31. Rd1 g6 32. Rd7 b6 33. Rb7 Bc5
34. Bb5 Rc1+ 35. Kg2 Rg1+ 36. Kh2 Re1 37. Bc4 Re7 38. Rb8+ Kg7 39. f4 Ra7 40.
g5 a4 41. Rd8 a3 42. Ba2 b5 43. g4 Re7 0-1

[Event "Internationaal Jeugdtoernooi Limburg 2"]
[Site "Stein"]
[Date "1996.07.13"]
[Round "5"]
[White "Dambacher, Martijn"]
[Black "Balcerak, Jakob"]
[Result "1/2-1/2"]
[WhiteElo "2196"]
[BlackElo "2175"]
[PlyCount "50"]
[EventDate "1996.07.11"]
[EventType "swiss"]
[EventRounds "7"]
[EventCountry "NED"]
[Source "P.Boonen"]
[SourceDate "2010.01.01"]

1. e4 c5 2. Nc3 Nc6 3. f4 e6 4. Nf3 Nge7 5. d4 cxd4 6. Nxd4 Nxd4 7. Qxd4 Nc6 8.
Qf2 d5 9. exd5 exd5 10. Be3 Bb4 11. Bc5 Qa5 12. Bxb4 Qxb4 13. O-O-O d4 14. Nb5
O-O 15. Nxd4 Rd8 16. Nxc6 Rxd1+ 17. Kxd1 bxc6 18. Kc1 Be6 19. Kb1 Rd8 20. Bd3
c5 21. Rd1 Rb8 22. Bxh7+ Kxh7 23. Qh4+ Kg8 24. Rd8+ Rxd8 25. Qxd8+ Kh7 1/2-1/2

[Event "Internationaal Jeugdtoernooi Limburg 2"]
[Site "Stein"]
[Date "1996.07.13"]
[Round "5"]
[White "Holtackers, Daan"]
[Black "Van Elmpt, Wouter"]
[Result "1-0"]
[WhiteElo "1787"]
[BlackElo "1527"]
[PlyCount "57"]
[EventDate "1996.07.11"]
[EventType "swiss"]
[EventRounds "7"]
[EventCountry "NED"]
[Source "P.Boonen"]
[SourceDate "2010.01.01"]

1. e4 c5 2. Nc3 Nc6 3. g3 g6 4. Bg2 Bg7 5. d3 e6 6. Nge2 Nge7 7. O-O O-O 8. Be3
Qb6 9. Rb1 d6 10. Qd2 Bd7 11. Bh6 f5 12. Bxg7 Kxg7 13. Nf4 Rf7 14. Rfe1 Re8 15.
h4 Ng8 16. exf5 Rxf5 17. Bh3 Nd4 18. Re3 Re5 19. Ne4 Nf6 20. c3 Nxe4 21. dxe4
Nb5 22. Rd1 Qc6 23. a4 Nc7 24. Qxd6 Qxd6 25. Rxd6 Bxa4 26. Nd3 Rh5 27. Bg4 Rh6
28. Nxc5 Re7 29. Nxa4 1-0

[Event "Internationaal Jeugdtoernooi Limburg 2"]
[Site "Stein"]
[Date "1996.07.13"]
[Round "5"]
[White "Kipper, Jens"]
[Black "Lemmers, Ruud"]
[Result "0-1"]
[WhiteElo "2145"]
[BlackElo "1915"]
[PlyCount "48"]
[EventDate "1996.07.11"]
[EventType "swiss"]
[EventRounds "7"]
[EventCountry "NED"]
[Source "P.Boonen"]
[SourceDate "2010.01.01"]

1. d4 Nf6 2. c4 c5 3. Nf3 g6 4. Nc3 Bg7 5. g3 cxd4 6. Nxd4 Nc6 7. Bg2 O-O 8.
O-O a6 9. Nxc6 bxc6 10. c5 Qc7 11. Qc2 d5 12. cxd6 exd6 13. Bf4 Bb7 14. Rfd1
Rfd8 15. Rd2 Qe7 16. Na4 Ng4 17. Nb6 Rab8 18. Bxc6 Bxc6 19. Qxc6 Qa7 20. Rxd6
Rxd6 21. Qxd6 Rxb6 22. Qd8+ Bf8 23. Rf1 Re6 24. h3 Nf6 0-1